000 nam a22 7a 4500
999 _c10039
_d10039
008 180209b ||||| |||| 00| 0 eng d
100 _aNCERT
_96065
245 _aPolitical theory - XI
260 _aNew Delhi
_bNCERT
_c2009